Science Quiz

Random Science Quiz

Acetaminophen PCP Medical Directives Quiz Stats

 Plays Quiz not verified by Sporcle

Challenge
Share
Tweet
Embed
Score 0/13 Timer 10:00
0 Plays Today
Hint Answer % Correct
True or False: Whenever possible, both acetaminophen and ibuprofen should be used togetherTrue
90.9%
RoutePO
81.8%
IndicationPain
72.7%
ContraindicationAllergy or sensitivity to acetaminophen
63.6%
Condition≥18
54.5%
ContraindicationHx of liver disease
54.5%
Max. # of doses1
54.5%
IndicationIsolated Hip OR
36.4%
IndicationExtremity Trauma AND
36.4%
ConditionUnaltered LOA
36.4%
ContraindicationAcetaminophen use within previous 4 hours
36.4%
ContraindicationActive vomiting
36.4%
Dose400 mg
27.3%

You're not logged in!

Compare scores with friends on all Sporcle quizzes.
Join for Free
OR
Log In

You Might Also Like...

Show Comments

Extras

Created May 6, 2015ReportNominate
Tags:medical

Top Quizzes Today


Score Distribution

Your Account Isn't Verified!

In order to create a playlist on Sporcle, you need to verify the email address you used during registration. Go to your Sporcle Settings to finish the process.

Report this User

Report this user for behavior that violates our Community Guidelines.

Details: